GRANDES ENIGMAS DE LA HUMANIDAD /

Guardado en:
Detalles Bibliográficos
Otros autores: Gispert, Carlos (dirección) (dirección)
Formato: Libro
Idioma:Español
Temas:
Etiquetas: Agrega una etiqueta
Sin etiquetas, Sé el primero en etiquetar este registro!

MARC

LEADER 00000nam^a2200000^a^4500
001 000248417
005 20250521000000.0
009 20260310105649.632
020 |a 84-494-2203-5 
035 |a 071778 
037 |a Acervo Xavier Clavigero 
041 |a ESP 
082 |a 398. 4  |b GRA 
245 1 0 |a GRANDES ENIGMAS DE LA HUMANIDAD /  |c DIR. CARLOS GISPERT 
264 |a BARCELONA :  |b OCEANO,  |c 2002 
300 |a 396 p. :  |b il. 
336 |a texto  |b txt  |2 rdacontenido 
337 |a sin mediación  |b n  |2 rdamedio 
338 |a volumen  |b nc  |2 rdasoporte 
649 |a XX 
650 |a Mitología 
650 |a Héroes 
650 |a Leyendas 
700 |a Gispert, Carlos  |e (dirección) 
910 |a Fondo General 
920 |a Impresos - Libros 
930 |a Reserva Especial 
905 |a 103 
901 |a 071778  |b IT1  |c REE  |i 071778  |u 20250521 
902 |a https://opac.biblio.iteso.mx/vufind/Record/000248417